ՀՀ Գիտությունների ազգային ակադեմիայի հիմնարար գիտական գրադարան  =   Fundamental Scientific Library of NAS RA

Прочность материалов и элементов конструкций в условиях низких температур : (Record no. 255006)

MARC details
000 -LEADER
fixed length control field 01132nam a2200205 a 4500
001 - CONTROL NUMBER
control field 000687440
003 - CONTROL NUMBER IDENTIFIER
control field AM-YeHGA
005 - DATE AND TIME OF LATEST TRANSACTION
control field 20250617142308.0
008 - FIXED-LENGTH DATA ELEMENTS--GENERAL INFORMATION
fixed length control field 091002s1985 ||| r 000 0 rus d
040 ## - CATALOGING SOURCE
Original cataloging agency AM-YeHGA
041 0# - LANGUAGE CODE
Language code of text/sound track or separate title rus
090 ## - LOCALLY ASSIGNED LC-TYPE CALL NUMBER (OCLC); LOCAL CALL NUMBER (RLIN)
-- 256610
245 00 - TITLE STATEMENT
Title Прочность материалов и элементов конструкций в условиях низких температур :
Remainder of title Сборник научных трудов /
Statement of responsibility, etc. АН СССР, Сиб. отд-ние, Якут. фил., Ин-т физ.-техн. пробл. Севера; Редкол.: Н.В. Черский (отв. ред.) и др.
260 ## - PUBLICATION, DISTRIBUTION, ETC.
Place of publication, distribution, etc. Якутск :
Name of publisher, distributor, etc. ЯФ СО АН СССР,
Date of publication, distribution, etc. 1985.
300 ## - PHYSICAL DESCRIPTION
Extent 122 с. :
Other physical details [1] л. схем.
504 ## - BIBLIOGRAPHY, ETC. NOTE
Bibliography, etc. note Библиогр. в конце ст.
653 0# - INDEX TERM--UNCONTROLLED
Uncontrolled term Конструкционные материалы - Прочность при низких температурах - Сборники
700 1# - ADDED ENTRY--PERSONAL NAME
Personal name Черский, Николай Васильевич
Relator term ред.
Relationship edt
710 2# - ADDED ENTRY--CORPORATE NAME
Corporate name or jurisdiction name as entry element Институт физико-технических проблем Севера АН ССР
Holdings
Withdrawn status Lost status Damaged status Not for loan Collection Home library Current library Date acquired Total checkouts Full call number Barcode Date last seen Price effective from Koha item type Public note
        General Fundamental Scientific Library Fundamental Scientific Library 29/12/2016   PII/556382 FL0129861 29/12/2016 29/12/2016 Գրքեր / Books 30 Days Loan


ՀՀ ԳԱԱ հիմնարար գիտական գրադարան
ՀՀ,Երևան 0019
Մարշալ Բաղրամյան 24/6
հեռախոս:(374-10) 52-47-50
Հետադարձ կապ

All site content, except where otherwise noted, is licensed under a
Creative Commons License